Statistiques concernant Attractions de Disneyland Paris

Cliquez ici pour prendre le quiz!

Statistiques générales

  • Ce quiz a été pris 857 fois
  • Le résultat moyen est 19 sur 46

Statistiques - réponses

ZoneAttraction% Correct
DiscoverylandHyperspace Mountain
83%
FantasylandPeter Pan's Flight
82%
FantasylandBlanche-Neige et les 7 Nains
79%
AdventurelandIndiana Jones et le Temple du Péril
75%
FrontierlandBig Thunder Mountain
73%
AdventurelandPirates of the Caribbean
71%
FantasylandDumbo the Flying Elephant
71%
DiscoverylandBuzz Lightyear Laser Blast
69%
FantasylandLes Voyages de Pinocchio
69%
FrontierlandPhantom Manor
65%
Toon StudioRatatouille
63%
Fantasyland"It's a small world"
60%
Production CourtyardThe Twilight Zone - Tower of Terror
60%
DiscoverylandAutopia
58%
Toon StudioCrush's Coaster
58%
DiscoverylandStar Tours
51%
Toon StudioCars Quatre Roues Rallye
50%
BacklotRock'n Roller Coaster
47%
Toy Story PlaylandSlinky Dog Zigzag Spin
47%
Main Street USADisneyland Railroad
45%
DiscoverylandOrbitron
45%
FantasylandMad Hatter's Tea Cups
44%
DiscoverylandLes Mystères du Nautilus
40%
FantasylandAlice's Curious Labyrinth
39%
Toy Story PlaylandRC Racer
37%
AdventurelandLa Cabane des Robinson
35%
Toon StudioLes Tapis Volants
30%
Production CourtyardStitch Live !
29%
FantasylandLe Pays des Contes de Fées
28%
Toy Story PlaylandToy Soldiers Parachute Drop
26%
Production CourtyardStudio Tram Tour
25%
FantasylandLe Château de la Belle au Bois Dormant
24%
BacklotArmaggedon : Les Effets Spéciaux
21%
FantasylandCasey Jr. Le Petit Train du Cirque
21%
FrontierlandThunder Mesa Riverboat Landing
18%
FantasylandLa Tanière du Dragon
17%
AdventurelandLe Passage Enchanté d'Aladdin
15%
FantasylandLe Carousel de Lancelot
15%
Toon StudioAnimagique
14%
AdventurelandAdventure Isle
12%
AdventurelandLa Plage des Pirates
10%
Production CourtyardDisney Junior Live !
10%
BacklotMoteurs.... Action !
9%
FrontierlandPocahontas Indian Village
8%
Toon StudioArt Of Disney Animation
6%
FrontierlandRustler Roundup Shootin' Gallery
3%

Distribution des résultats

Percentile par nombre de réponses

% des personnes avec chaque résultat

Votre développement - résultats

Vous n’avez pas pris ce quiz